[Event "Guernsey Open 2013"]
[Site "Guernsey GCI"]
[Date "2013.10.23"]
[Round "4"]
[White "Reutimann, Hans Peter"]
[Black "Klein, Gernot"]
[Result "0-1"]
[WhiteElo "1830"]
[BlackElo "1942"]
[PlyCount "140"]
[EventDate "2013.10.20"]
[EventType "swiss"]
[EventRounds "7"]

1. d4 d5 2. Nf3 c6 3. Bf4 Qb6 4. b3 Nf6 5. e3 Bf5 6. Be2 Qa5+ 7. Nfd2 Ne4 8.
O-O Nxd2 9. Nxd2 Qc3 10. Rc1 e6 11. Nb1 Qa5 12. a4 Be7 13. Bd3 Bxd3 14. Qxd3
O-O 15. c4 dxc4 16. Qxc4 Nd7 17. Nc3 Rac8 18. Ne4 Nb6 19. Qe2 Nd5 20. Bd6 Qd8
21. Bxe7 Qxe7 22. Rc4 Rfd8 23. Rfc1 e5 24. dxe5 Qxe5 25. Nc5 Rb8 26. Qg4 Nf6
27. Qf4 Qxf4 28. Rxf4 b6 29. Ne4 Nd5 30. Rf3 c5 31. h4 Rd7 32. a5 Rbd8 33. axb6
axb6 34. Kf1 Nb4 35. Ke2 Rd3 36. Nc3 Rd2+ 37. Kf1 Rc2 38. Rxc2 Nxc2 39. Na4 Rd6
40. Ke2 Na1 41. e4 Nc2 42. Rd3 Nd4+ 43. Ke3 Kf8 44. Rd2 Rc6 45. Rd3 Ke7 46. Kd2
Ne6 47. g3 b5 48. Nc3 Nc7 49. Kc2 c4 50. Rd4 Ne6 51. Rd5 b4 52. Na2 cxb3+ 53.
Kxb3 Nc5+ 54. Kxb4 Nxe4 55. Rf5 Ke6 56. Rf4 f5 57. Kb3 Ke5 58. Nb4 Rc8 59. Nc2
g6 60. Kb2 h6 61. Rf3 g5 62. hxg5 hxg5 63. Re3 f4 64. gxf4+ gxf4 65. Rf3 Ng5
66. Rd3 Ke4 67. Ne1 Rc7 68. f3+ Ke5 69. Ng2 Rh7 70. Nxf4 Kxf4 0-1

[Event "Guernsey Open 2013"]
[Site "Guernsey GCI"]
[Date "2013.10.23"]
[Round "4"]
[White "De Kruif, Kees"]
[Black "Kirk, Matthew"]
[Result "1-0"]
[WhiteElo "1930"]
[BlackElo "1740"]
[PlyCount "75"]
[EventDate "2013.10.20"]
[EventType "swiss"]
[EventRounds "7"]

1. c4 c6 2. g3 d5 3. b3 Nf6 4. Bb2 Bf5 5. Bg2 e6 6. Nf3 h6 7. O-O Nbd7 8. d3
Bc5 9. Nbd2 Qc7 10. cxd5 cxd5 11. Bd4 Bxd4 12. Nxd4 Bh7 13. Qc1 Qb6 14. Qb2 O-O
15. Rac1 Rac8 16. h3 e5 17. Nc2 Rc6 18. Ne3 e4 19. dxe4 dxe4 20. Rxc6 Qxc6 21.
Rc1 Qb5 22. Ndc4 Ne8 23. Qd4 Qc5 24. Qxd7 b5 25. b4 Qxb4 26. Qd2 Qxd2 27. Nxd2
Nd6 28. Rc7 f5 29. Rxa7 Rd8 30. Nb3 Nc4 31. Nc5 Nxe3 32. fxe3 Bg6 33. Kf2 Bf7
34. g4 Rd5 35. Nb3 g6 36. Nd4 Rc5 37. a3 Bc4 38. Kg3 1-0

[Event "Guernsey Open 2013"]
[Site "Guernsey GCI"]
[Date "2013.10.23"]
[Round "4"]
[White "Hickman, John"]
[Black "Gravett, Alan D"]
[Result "1/2-1/2"]
[WhiteElo "1986"]
[BlackElo "1868"]
[PlyCount "73"]
[EventDate "2013.10.20"]
[EventType "swiss"]
[EventRounds "7"]

1. e4 c5 2. Nf3 Nf6 3. Nc3 d5 4. exd5 Nxd5 5. Bc4 e6 6. O-O Be7 7. Re1 Nxc3 8.
bxc3 O-O 9. Rb1 a6 10. d4 Nc6 11. Be3 b5 12. Bd3 cxd4 13. cxd4 Bf6 14. c3 g6
15. Bh6 Bg7 16. Qd2 Bd7 17. Re4 f5 18. Rh4 Qf6 19. Ng5 f4 20. Bxg7 Qxg5 21.
Bxf8 Qxh4 22. Bd6 f3 23. gxf3 Qf6 24. Qe3 Rc8 25. Kh1 Na5 26. Be5 Qf7 27. Be4
Nc4 28. Qd3 Nxe5 29. dxe5 Bc6 30. Rb4 Bxe4 31. Rxe4 Qc7 32. Re3 Qc4 33. Qxc4
Rxc4 34. Kg2 Ra4 35. Re2 Rc4 36. Re3 Ra4 37. Re2 1/2-1/2

[Event "Guernsey Open 2013"]
[Site "Guernsey GCI"]
[Date "2013.10.23"]
[Round "4"]
[White "Daly, Patrick"]
[Black "Hawkins, J Nick"]
[Result "1-0"]
[WhiteElo "1865"]
[BlackElo "1981"]
[PlyCount "151"]
[EventDate "2013.10.20"]
[EventType "swiss"]
[EventRounds "7"]

1. d4 c5 2. c3 cxd4 3. cxd4 d5 4. Nf3 Nf6 5. Nc3 Nc6 6. Bg5 Ne4 7. Bc1 Qa5 8.
Bd2 Nxd2 9. Qxd2 Bf5 10. e3 a6 11. Bd3 Bxd3 12. Qxd3 e6 13. O-O Be7 14. a3 O-O
15. b4 Qd8 16. Na4 Bd6 17. Nc5 Qe7 18. Rfc1 Rfc8 19. Rc2 e5 20. dxe5 Nxe5 21.
Qxd5 Nxf3+ 22. Qxf3 Qe5 23. Rac1 Qxh2+ 24. Kf1 Bxc5 25. Qxb7 Qh1+ 26. Ke2 Qh5+
27. Qf3 Qxf3+ 28. Kxf3 h6 29. Rxc5 Rd8 30. Ke2 g5 31. g4 Kg7 32. Rc6 Rdb8 33.
R1c5 Rb5 34. Kd3 Rb7 35. Rc7 Rb6 36. Rf5 Rf8 37. Kc4 Kg6 38. Ra5 Re8 39. Rd5
Ree6 40. Kd3 Rf6 41. Ke2 Rbe6 42. f3 Rb6 43. e4 Rfe6 44. Ke3 Red6 45. Kd4 Rf6
46. Ke3 Rfd6 47. Rf5 f6 48. Rd5 h5 49. gxh5+ Kxh5 50. Rh7+ Kg6 51. Rh8 Rbc6 52.
Kd4 Re6 53. Rd7 Red6+ 54. Rxd6 Rxd6+ 55. Kc4 Rc6+ 56. Kb3 Rd6 57. Rc8 f5 58.
exf5+ Kxf5 59. Rc3 Kf4 60. a4 Re6 61. b5 axb5 62. axb5 Re7 63. Kb4 Re1 64. Rb3
Ke5 65. Rc3 Kd6 66. Ka5 Ra1+ 67. Kb6 Kd7 68. Kb7 Rb1 69. b6 Kd6 70. Ka7 Ra1+
71. Kb8 Rb1 72. b7 Kd7 73. Rc5 Rb3 74. Ka7 Ra3+ 75. Kb6 Rb3+ 76. Rb5 1-0

[Event "Guernsey Open 2013"]
[Site "Guernsey GCI"]
[Date "2013.10.23"]
[Round "4"]
[White "Dennis, Nigel"]
[Black "Morcom, Huw"]
[Result "1/2-1/2"]
[WhiteElo "1845"]
[BlackElo "1976"]
[PlyCount "84"]
[EventDate "2013.10.20"]
[EventType "swiss"]
[EventRounds "7"]

1. e4 c5 2. Nf3 d6 3. d4 cxd4 4. Nxd4 Nf6 5. Nc3 a6 6. Be2 g6 7. O-O Bg7 8. Be3
O-O 9. Nb3 Nbd7 10. f4 b5 11. Bf3 Rb8 12. Qe2 Qc7 13. a3 Nb6 14. Rad1 Be6 15.
Qf2 Nc4 16. Bc1 Ng4 17. Bxg4 Bxg4 18. Rd3 Be6 19. f5 Bc8 20. Nd5 Qd7 21. f6
exf6 22. Nxf6+ Bxf6 23. Qxf6 Qe6 24. Nd4 Qxf6 25. Rxf6 Bb7 26. Rf4 Rbe8 27. b3
Bxe4 28. bxc4 Bxd3 29. cxd3 bxc4 30. dxc4 Re1+ 31. Rf1 Rxf1+ 32. Kxf1 Rc8 33.
Bb2 Rxc4 34. Ke2 Kf8 35. Kd3 Rc5 36. Bc3 Ke7 37. Bb4 Rg5 38. g3 Kd7 39. Nf3 Rf5
40. Ke3 h5 41. h4 Rb5 42. Nd4 Rb7 1/2-1/2

[Event "Guernsey Open 2013"]
[Site "Guernsey GCI"]
[Date "2013.10.23"]
[Round "4"]
[White "Lewicki, Pawel"]
[Black "Cummins, John"]
[Result "1-0"]
[WhiteElo "1875"]
[BlackElo "1844"]
[PlyCount "119"]
[EventDate "2013.10.20"]
[EventType "swiss"]
[EventRounds "7"]

1. d4 Nf6 2. c4 e6 3. Nc3 c6 4. e3 Be7 5. Bd3 d5 6. Nf3 Nbd7 7. b3 b6 8. Bb2
Bb7 9. cxd5 cxd5 10. O-O O-O 11. Rc1 Rc8 12. Ne5 g6 13. f4 Ne4 14. Nxe4 Rxc1
15. Qxc1 dxe4 16. Bc4 Bd5 17. Bxd5 Nxe5 18. Bxe4 Ng4 19. Bd3 Qd7 20. h3 Nf6 21.
e4 Rc8 22. Qe1 Bf8 23. g4 a5 24. Qg3 Qb7 25. Re1 Bb4 26. Re2 Bc3 27. Qe3 Bxb2
28. Rxb2 Rc3 29. Qd2 Qc7 30. Rc2 Rxc2 31. Bxc2 Kg7 32. Kg2 Kf8 33. Kf3 Nd7 34.
a4 Nb8 35. Bd3 Kg7 36. Bc4 Nc6 37. d5 exd5 38. Qxd5 Nb4 39. Qd4+ Kg8 40. h4 Nc2
41. Qc3 Nb4 42. h5 Qd8 43. Kg3 gxh5 44. gxh5 h6 45. Qe5 Nc6 46. Qf5 Qe7 47.
Qc8+ Nd8 48. e5 Kg7 49. Qg4+ Kf8 50. Qf3 Qc5 51. Kg4 Qg1+ 52. Kf5 Qd4 53. Kf6
Qd7 54. Qd5 Qe7+ 55. Kf5 Qh4 56. Qd6+ Kg8 57. Qxh6 Qh3+ 58. Kf6 Qg4 59. Qg5+
Qxg5+ 60. fxg5 1-0

[Event "Guernsey Open 2013"]
[Site "Guernsey GCI"]
[Date "2013.10.23"]
[Round "4"]
[White "Burton, Ronnie"]
[Black "Bakker, Joop"]
[Result "1/2-1/2"]
[WhiteElo "1993"]
[BlackElo "1971"]
[PlyCount "32"]
[EventDate "2013.10.20"]
[EventType "swiss"]
[EventRounds "7"]

1. d4 b6 2. Nf3 Bb7 3. Nbd2 e6 4. e4 c5 5. c3 cxd4 6. cxd4 Nf6 7. Bd3 d5 8. e5
Ne4 9. Qe2 Bb4 10. a3 Nxd2 11. Nxd2 Be7 12. f4 Qc8 13. Bb5+ Bc6 14. Bd3 Bb7 15.
Bb5+ Bc6 16. Bd3 Bb7 1/2-1/2

[Event "Guernsey Open 2013"]
[Site "Guernsey GCI"]
[Date "2013.10.24"]
[Round "5"]
[White "Hebden, Mark"]
[Black "Tiviakov, Sergei"]
[Result "0-1"]
[WhiteElo "2548"]
[BlackElo "2652"]
[PlyCount "94"]
[EventDate "2013.10.20"]
[EventType "swiss"]
[EventRounds "7"]

1. d4 Nf6 2. Nf3 e6 3. e3 b6 4. Bd3 Bb7 5. O-O d5 6. c4 Bd6 7. Nc3 O-O 8. b3
Nbd7 9. Bb2 a6 10. Rc1 dxc4 11. bxc4 e5 12. d5 Nc5 13. e4 Bc8 14. Re1 Nh5 15.
Bf1 Nf4 16. Na4 Nxa4 17. Qxa4 Qf6 18. Qb3 Bg4 19. Re3 Rab8 20. Qc3 Rfe8 21. Ba3
c5 22. Nd2 Bd7 23. Qc2 Qg6 24. Rg3 Qh6 25. Nb3 Be7 26. Rb1 f5 27. exf5 Rf8 28.
Bc1 Bxf5 29. Bd3 Bxd3 30. Qxd3 Bh4 31. Bxf4 Rxf4 32. Nxc5 Rd4 33. Qe2 Bxg3 34.
hxg3 Rc8 35. Nb3 Rdxc4 36. Qxe5 Qf6 37. Qe1 a5 38. Nd2 Rd4 39. Qe3 Rxd5 40. Nf3
b5 41. Re1 Rcd8 42. g4 h6 43. Qa7 a4 44. Re7 Rd1+ 45. Kh2 Qf4+ 46. g3 Qc4 47.
Kg2 R8d7 0-1

[Event "Guernsey Open 2013"]
[Site "Guernsey GCI"]
[Date "2013.10.24"]
[Round "5"]
[White "Colin, Vincent"]
[Black "Lenier, Jude"]
[Result "1-0"]
[WhiteElo "2412"]
[BlackElo "2121"]
[PlyCount "65"]
[EventDate "2013.10.20"]
[EventType "swiss"]
[EventRounds "7"]

1. d4 Nf6 2. c4 g6 3. Nc3 Bg7 4. e4 d6 5. f4 O-O 6. Nf3 c5 7. d5 Nfd7 8. Bd3 a6
9. a4 e5 10. dxe6 fxe6 11. O-O Nc6 12. Ng5 Nd4 13. Be3 Qe7 14. Qg4 Nf6 15. Qh4
h6 16. e5 dxe5 17. Bxg6 exf4 18. Bxf4 Nf5 19. Qh3 e5 20. Bxf5 Bxf5 21. Qxf5
exf4 22. Nd5 Qd6 23. Nxf6+ Rxf6 24. Qh7+ Kf8 25. Rad1 Qe5 26. Ne4 Rf7 27. Nd6
Rd7 28. Rd5 Qd4+ 29. Kh1 Rxd6 30. Rxd4 Rxd4 31. g3 Re8 32. Rxf4+ Rxf4 33. gxf4
1-0

[Event "Guernsey Open 2013"]
[Site "Guernsey GCI"]
[Date "2013.10.24"]
[Round "5"]
[White "Wismayer, Clive R"]
[Black "Prakken, Gerrit"]
[Result "1/2-1/2"]
[WhiteElo "2110"]
[BlackElo "2195"]
[PlyCount "133"]
[EventDate "2013.10.20"]
[EventType "swiss"]
[EventRounds "7"]

1. e4 e5 2. Nf3 Nc6 3. Nc3 Nf6 4. Bb5 Bd6 5. Bxc6 dxc6 6. d3 O-O 7. O-O Bg4 8.
h3 Bh5 9. Qe2 Nd7 10. g4 Bg6 11. Nd1 Re8 12. Ne3 Nc5 13. Nf5 Bf8 14. Be3 f6 15.
b3 Ne6 16. N3h4 Bf7 17. Ng2 c5 18. f4 g6 19. Ng3 exf4 20. Nxf4 Nxf4 21. Bxf4
Bg7 22. Rad1 Qd7 23. Be3 b6 24. Kg2 Be6 25. Nh1 Qc6 26. Ng3 Qd7 27. Nh1 Re7 28.
Rf3 Rae8 29. Rg3 a5 30. a4 Qc6 31. Kg1 c4 32. bxc4 Qxa4 33. Nf2 Qc6 34. Bc1 Bf7
35. Ba3 Rd7 36. Bb2 Qe6 37. Re1 Rdd8 38. Qf3 Qd6 39. Ra1 Ra8 40. Nd1 c6 41. Qf2
b5 42. Rf3 Re5 43. Ne3 bxc4 44. Bxe5 Qxe5 45. Qe1 cxd3 46. cxd3 f5 47. Ra4 Qb5
48. Rc4 Bxc4 49. Nxc4 fxg4 50. hxg4 Bd4+ 51. Kg2 a4 52. Qg3 Qg5 53. Kh3 Qe7 54.
Qg2 a3 55. Qa2 Kg7 56. e5 Rf8 57. Kg2 Rxf3 58. Kxf3 Qh4 59. Qxa3 Qh3+ 60. Kf4
Qh4 61. Qd6 h5 62. Qf6+ Qxf6+ 63. exf6+ Kxf6 64. gxh5 gxh5 65. Na5 c5 66. Nb3
Bg1 67. Nxc5 1/2-1/2

[Event "Guernsey Open 2013"]
[Site "Guernsey GCI"]
[Date "2013.10.24"]
[Round "5"]
[White "Minnican, Alan"]
[Black "Schmitz, Andreas Arnold"]
[Result "0-1"]
[WhiteElo "2135"]
[BlackElo "2049"]
[PlyCount "36"]
[EventDate "2013.10.20"]
[EventType "swiss"]
[EventRounds "7"]

1. b3 e5 2. Bb2 Nc6 3. e3 a6 4. c4 Nf6 5. Nf3 e4 6. Nd4 Nxd4 7. Bxd4 d5 8. cxd5
Nxd5 9. Qc2 f5 10. Qb2 Kf7 11. Nc3 Nf6 12. Bc4+ Be6 13. Bxe6+ Kxe6 14. b4 Bd6
15. Qb3+ Ke7 16. Nd5+ Nxd5 17. Qxd5 Qd7 18. O-O Bxh2+ 0-1

[Event "Guernsey Open 2013"]
[Site "Guernsey GCI"]
[Date "2013.10.24"]
[Round "5"]
[White "Maloberti, David"]
[Black "Purdon, Colin"]
[Result "0-1"]
[WhiteElo "2059"]
[BlackElo "2132"]
[PlyCount "32"]
[EventDate "2013.10.20"]
[EventType "swiss"]
[EventRounds "7"]

1. d4 d5 2. c4 c6 3. Nf3 Nf6 4. Nc3 dxc4 5. a4 Bf5 6. Ne5 Nbd7 7. Nxc4 Nb6 8.
e3 e6 9. f3 Bb4 10. Bd2 O-O 11. Nxb6 Qxb6 12. Bc4 c5 13. d5 exd5 14. Nxd5 Nxd5
15. Bxd5 Rad8 16. e4 Rxd5 0-1

[Event "Guernsey Open 2013"]
[Site "Guernsey GCI"]
[Date "2013.10.24"]
[Round "5"]
[White "Norman, Kenneth I"]
[Black "Milnes, Anthony CP"]
[Result "1/2-1/2"]
[WhiteElo "2185"]
[BlackElo "2054"]
[PlyCount "79"]
[EventDate "2013.10.20"]
[EventType "swiss"]
[EventRounds "7"]

1. Nf3 e6 2. g3 f5 3. Bg2 Nf6 4. O-O Be7 5. c4 O-O 6. d4 d6 7. b3 Ne4 8. Bb2
Bf6 9. Nbd2 Nxd2 10. Qxd2 Nc6 11. Rad1 Qe8 12. d5 Nd8 13. dxe6 Nxe6 14. e3 Nc5
15. Nd4 Bd7 16. Qc2 a6 17. Rfe1 Qg6 18. Ne2 Bxb2 19. Qxb2 Ne4 20. Nf4 Qf7 21.
h4 Bc6 22. Qd4 Rae8 23. Rc1 h6 24. Bf3 Nf6 25. Nd5 Ne4 26. Nf4 Nf6 27. Bd5 Bxd5
28. cxd5 Re5 29. Qc4 Nxd5 30. Nxd5 Rxd5 31. Qxc7 Rd2 32. Qa5 Qd5 33. Qxd5+ Rxd5
34. Rcd1 Ra5 35. a4 Rd8 36. Rd4 Kf7 37. Rc1 Rd7 38. Kg2 Ke6 39. Rc8 Rc5 40.
Re8+ 1/2-1/2

[Event "Guernsey Open 2013"]
[Site "Guernsey GCI"]
[Date "2013.10.24"]
[Round "5"]
[White "Hagesaether, Arne"]
[Black "Bolt, Graham"]
[Result "1-0"]
[WhiteElo "2140"]
[BlackElo "2026"]
[PlyCount "111"]
[EventDate "2013.10.20"]
[EventType "swiss"]
[EventRounds "7"]

1. e4 g6 2. f4 d5 3. e5 c5 4. Nf3 Nc6 5. Bb5 Qb6 6. Be2 Nh6 7. Nc3 d4 8. Na4
Qa5 9. c3 Bg7 10. b4 cxb4 11. cxd4 Qd5 12. Qb3 Be6 13. Nc5 Qxb3 14. axb3 Bd5
15. Bb2 Nf5 16. O-O O-O 17. g4 Nh6 18. Bc4 Bxc4 19. bxc4 b6 20. Na6 Na5 21. d3
Nxg4 22. Nxb4 Ne3 23. Rfe1 Nf5 24. d5 Rfc8 25. Ra3 Nb7 26. Nc6 a5 27. Nfd4 Kf8
28. Nxf5 gxf5 29. Nd4 Bh8 30. Nxf5 e6 31. Ne3 exd5 32. Nxd5 Rc6 33. Rb3 Ke8 34.
Rxb6 Rxb6 35. Nxb6 Ra6 36. Na4 Bg7 37. d4 Bh6 38. f5 Bd2 39. Re2 Bb4 40. Kg2
Rh6 41. Kg3 Kd7 42. Kg4 Rc6 43. h4 Ke8 44. Rc2 Be1 45. Bc1 f6 46. d5 Rc8 47.
exf6 Kf7 48. Nb6 Rg8+ 49. Bg5 Nc5 50. Re2 Re8 51. Re7+ Rxe7 52. fxe7 a4 53. Nc8
Nb7 54. d6 a3 55. d7 Ba5 56. e8=Q+ 1-0

[Event "Guernsey Open 2013"]
[Site "Guernsey GCI"]
[Date "2013.10.24"]
[Round "5"]
[White "Hamperl, Fred A"]
[Black "Kraft, Karl H"]
[Result "1-0"]
[WhiteElo "2129"]
[BlackElo "2023"]
[PlyCount "45"]
[EventDate "2013.10.20"]
[EventType "swiss"]
[EventRounds "7"]

1. e4 e6 2. d4 d5 3. exd5 exd5 4. c4 Nf6 5. Nc3 Be7 6. Bd3 O-O 7. Nge2 Be6 8.
Nf4 Qd7 9. O-O dxc4 10. Nxe6 Qxe6 11. Re1 Qd7 12. Bxc4 c6 13. Bf4 b5 14. Bb3 b4
15. Ne4 Nd5 16. Be5 f6 17. Bg3 Na6 18. Qe2 Nac7 19. Bxc7 Qxc7 20. Rac1 Qd7 21.
Ng3 Kf7 22. Qh5+ Kg8 23. Rxc6 1-0

[Event "Guernsey Open 2013"]
[Site "Guernsey GCI"]
[Date "2013.10.24"]
[Round "5"]
[White "Spanton, Timothy"]
[Black "Heppell, Ian N"]
[Result "1/2-1/2"]
[WhiteElo "2030"]
[BlackElo "2106"]
[PlyCount "34"]
[EventDate "2013.10.20"]
[EventType "swiss"]
[EventRounds "7"]

1. c4 e5 2. g3 Nc6 3. Bg2 f5 4. Nc3 Nf6 5. e3 d5 6. Nxd5 Nxd5 7. cxd5 Nb4 8. d3
Nxd5 9. Ne2 c6 10. O-O Bd6 11. Nc3 Nf6 12. Qe2 O-O 13. e4 Qe7 14. Bd2 Bd7 15.
exf5 Bxf5 16. Ne4 Nxe4 17. Bxe4 Rae8 1/2-1/2

[Event "Guernsey Open 2013"]
[Site "Guernsey GCI"]
[Date "2013.10.24"]
[Round "5"]
[White "Hoare, Amy"]
[Black "Taylor, Mark V"]
[Result "1-0"]
[WhiteElo "1930"]
[BlackElo "2087"]
[PlyCount "63"]
[EventDate "2013.10.20"]
[EventType "swiss"]
[EventRounds "7"]

1. e4 e6 2. d4 d5 3. e5 c5 4. c3 Nc6 5. Nf3 Bd7 6. Be2 f6 7. O-O fxe5 8. Nxe5
Nxe5 9. dxe5 Qc7 10. f4 O-O-O 11. Nd2 Nh6 12. Nf3 Be7 13. Kh1 Rdf8 14. c4 d4
15. b4 Nf5 16. bxc5 Ne3 17. Bxe3 dxe3 18. Nd4 Rd8 19. Bg4 h5 20. Nxe6 hxg4 21.
Nxc7 Kxc7 22. Qe1 Bc6 23. Qa5+ Kb8 24. Rfd1 g3 25. Kg1 e2 26. Rxd8+ Bxd8 27.
Qe1 gxh2+ 28. Kh1 Be7 29. Qf2 Rh3 30. Re1 Bh4 31. Qxe2 Bxe1 32. Qxe1 1-0

[Event "Guernsey Open 2013"]
[Site "Guernsey GCI"]
[Date "2013.10.24"]
[Round "5"]
[White "Fruteau, Sabine"]
[Black "Magnussen, Pal"]
[Result "1-0"]
[WhiteElo "2067"]
[BlackElo "1926"]
[PlyCount "67"]
[EventDate "2013.10.20"]
[EventType "swiss"]
[EventRounds "7"]

1. e4 e5 2. Nf3 Nc6 3. Bc4 Be7 4. c3 Nf6 5. d3 O-O 6. O-O d5 7. exd5 Nxd5 8.
Re1 Bg4 9. Nbd2 Kh8 10. h3 Bh5 11. Nf1 Nf4 12. Ng3 Bg6 13. Nxe5 Nxe5 14. Rxe5
Ne6 15. d4 Bd6 16. Re1 Qh4 17. Qg4 Qxg4 18. hxg4 Rae8 19. Bd2 Bf4 20. Bxf4 Nxf4
21. Nf5 c6 22. g3 Bxf5 23. gxf5 Nd5 24. Bxd5 cxd5 25. Re5 Rxe5 26. dxe5 Re8 27.
f4 g6 28. Rd1 Rd8 29. f6 Kg8 30. Rd4 b5 31. b3 h5 32. c4 bxc4 33. bxc4 h4 34.
gxh4 1-0

[Event "Guernsey Open 2013"]
[Site "Guernsey GCI"]
[Date "2013.10.24"]
[Round "5"]
[White "Rowe, Peter"]
[Black "Jackson, Oliver"]
[Result "0-1"]
[WhiteElo "1971"]
[BlackElo "2157"]
[PlyCount "72"]
[EventDate "2013.10.20"]
[EventType "swiss"]
[EventRounds "7"]

1. d4 Nf6 2. Bf4 d6 3. e3 g6 4. Nf3 Bg7 5. h3 O-O 6. Bd3 Nc6 7. O-O Nd7 8. Bh2
e5 9. c3 Qe7 10. Qc2 Kh8 11. Bb5 e4 12. Ne1 f5 13. c4 a6 14. Ba4 Nd8 15. Nc3 c6
16. Rd1 Nf7 17. b4 Nf6 18. Bb3 Bd7 19. Qd2 Rad8 20. Nc2 g5 21. d5 cxd5 22. Nxd5
Nxd5 23. cxd5 g4 24. hxg4 fxg4 25. Nd4 Be5 26. Bf4 Ng5 27. Bxg5 Qxg5 28. Ne6
Bxe6 29. dxe6 Rf6 30. g3 Qh5 31. f4 gxf3 32. Qh2 Qg5 33. Kf2 Rh6 34. Qg1 Rh3
35. Ke1 Rxg3 36. Qh1 Qxe3# 0-1

[Event "Guernsey Open 2013"]
[Site "Guernsey GCI"]
[Date "2013.10.24"]
[Round "5"]
[White "Reijneveld, Ad"]
[Black "Sikkel, Dirk"]
[Result "1-0"]
[WhiteElo "2135"]
[BlackElo "1923"]
[PlyCount "51"]
[EventDate "2013.10.20"]
[EventType "swiss"]
[EventRounds "7"]

1. e4 g6 2. d4 Bg7 3. Nc3 d6 4. f4 a6 5. Nf3 b5 6. Bd3 Bb7 7. O-O c5 8. dxc5
dxc5 9. e5 Nh6 10. Be3 Nd7 11. e6 fxe6 12. Ng5 Qb6 13. a4 Nf5 14. Bf2 bxa4 15.
Nxa4 Qd6 16. Be4 Qxd1 17. Rfxd1 Bxe4 18. Nxe4 e5 19. fxe5 Bxe5 20. Nexc5 Nxc5
21. Bxc5 Kf7 22. Nb6 Rad8 23. c3 Rxd1+ 24. Rxd1 Ke6 25. Re1 Nd6 26. Bd4 1-0

[Event "Guernsey Open 2013"]
[Site "Guernsey GCI"]
[Date "2013.10.24"]
[Round "5"]
[White "Wager, John"]
[Black "Canonne, Antoine"]
[Result "1-0"]
[WhiteElo "2105"]
[BlackElo "1970"]
[PlyCount "81"]
[EventDate "2013.10.20"]
[EventType "swiss"]
[EventRounds "7"]

1. d4 Nc6 2. d5 Ne5 3. f4 Ng6 4. e4 e5 5. dxe6 dxe6 6. Qxd8+ Kxd8 7. Nf3 f6 8.
Be3 Bd6 9. g3 Nh6 10. Nbd2 Nf7 11. O-O-O Ke7 12. Nc4 Bd7 13. Bg2 a5 14. Nxd6
cxd6 15. h4 Rhc8 16. h5 Nf8 17. Rd2 b5 18. g4 b4 19. Kb1 Bc6 20. Nd4 Bb7 21.
Rhd1 Rab8 22. Nb3 Ra8 23. e5 Bxg2 24. exf6+ gxf6 25. Rxg2 Nd7 26. Nd4 Nc5 27.
Re1 Ne4 28. g5 fxg5 29. fxg5 d5 30. g6 hxg6 31. Rxg6 Ra6 32. h6 Ne5 33. Rg7+
Kd6 34. h7 Raa8 35. Bf4 Rf8 36. Nb5+ Kc5 37. Nc7 Rxf4 38. Nxe6+ Kd6 39. Nxf4
Rh8 40. Rh1 Nf6 41. Rh6 1-0

[Event "Guernsey Open 2013"]
[Site "Guernsey GCI"]
[Date "2013.10.24"]
[Round "5"]
[White "Collier, David"]
[Black "Schmitz, Manuela"]
[Result "1/2-1/2"]
[WhiteElo "2074"]
[BlackElo "2002"]
[PlyCount "41"]
[EventDate "2013.10.20"]
[EventType "swiss"]
[EventRounds "7"]

1. d4 d5 2. c4 dxc4 3. Nf3 Nf6 4. e3 Bg4 5. Bxc4 e6 6. O-O a6 7. h3 Bh5 8. Nc3
c5 9. Be2 Nc6 10. a3 cxd4 11. exd4 Be7 12. Be3 O-O 13. Rc1 Rc8 14. b4 b5 15.
Qb3 Nd5 16. Nxd5 Qxd5 17. Qxd5 exd5 18. Rxc6 Rxc6 19. Ne5 Bxe2 20. Nxc6 Bf6 21.
Re1 1/2-1/2

[Event "Guernsey Open 2013"]
[Site "Guernsey GCI"]
[Date "2013.10.24"]
[Round "5"]
[White "Von Saldern, Ruediger"]
[Black "Havenaar, Jan"]
[Result "1/2-1/2"]
[WhiteElo "1962"]
[BlackElo "2072"]
[PlyCount "37"]
[EventDate "2013.10.20"]
[EventType "swiss"]
[EventRounds "7"]

1. d4 Nf6 2. Nf3 d6 3. c4 Nc6 4. Nc3 e5 5. dxe5 Nxe5 6. Nxe5 dxe5 7. Qxd8+ Kxd8
8. Bg5 c6 9. O-O-O+ Kc7 10. e4 Bb4 11. f3 Bxc3 12. bxc3 Re8 13. Be2 Be6 14. Rd2
Nd7 15. Be3 Nb6 16. Rhd1 Rad8 17. Bxb6+ axb6 18. Rxd8 Rxd8 19. Rxd8 1/2-1/2

[Event "Guernsey Open 2013"]
[Site "Guernsey GCI"]
[Date "2013.10.24"]
[Round "5"]
[White "Hewson, Brian WR"]
[Black "De Kruif, Kees"]
[Result "1-0"]
[WhiteElo "2034"]
[BlackElo "1930"]
[PlyCount "87"]
[EventDate "2013.10.20"]
[EventType "swiss"]
[EventRounds "7"]

1. d4 Nf6 2. Nf3 e6 3. Bg5 h6 4. Bh4 Be7 5. Nbd2 O-O 6. e4 d6 7. Bd3 c5 8. e5
dxe5 9. dxe5 Nfd7 10. Bxe7 Qxe7 11. Qe2 Nc6 12. c3 Rd8 13. Bc2 Nf8 14. h4 b6
15. Rh3 Bb7 16. O-O-O Rd5 17. Be4 Rd7 18. Re1 Rad8 19. Nc4 Na5 20. Nxa5 bxa5
21. Bxb7 Rxb7 22. Nd2 Rdb8 23. Nc4 Qd7 24. Qc2 Qd5 25. Qe4 Ng6 26. Rd3 Qxe4 27.
Rxe4 f5 28. exf6 gxf6 29. Rd2 Kg7 30. Nxa5 Rc7 31. Nc4 e5 32. g3 f5 33. Re1 e4
34. Red1 Re7 35. Rd7 Rbe8 36. h5 Nf8 37. Rxe7+ Rxe7 38. Rd5 Rf7 39. Nd6 Rd7 40.
Nxf5+ Kf6 41. Rxc5 Ne6 42. Ra5 Ng5 43. Nd4 Kg7 44. Rf5 1-0

[Event "Guernsey Open 2013"]
[Site "Guernsey GCI"]
[Date "2013.10.24"]
[Round "5"]
[White "Murray, Jim"]
[Black "Goris, Ton"]
[Result "1-0"]
[WhiteElo "1868"]
[BlackElo "2031"]
[PlyCount "51"]
[EventDate "2013.10.20"]
[EventType "swiss"]
[EventRounds "7"]

1. e4 e6 2. d4 d5 3. Nc3 Bb4 4. e5 c5 5. a3 Ba5 6. b4 cxd4 7. Nb5 Bc7 8. Nf3
Nc6 9. Bf4 Nge7 10. Nbxd4 Nxd4 11. Qxd4 O-O 12. Qd2 a5 13. Rb1 axb4 14. axb4
Nc6 15. c3 Qe7 16. Bd3 d4 17. O-O Rd8 18. cxd4 Bb6 19. Be3 Bd7 20. b5 Na5 21.
Qe2 h6 22. Bd2 Rdc8 23. Bb4 Qd8 24. Qe4 f5 25. exf6 Qxf6 26. Qh7+ 1-0

[Event "Guernsey Open 2013"]
[Site "Guernsey GCI"]
[Date "2013.10.24"]
[Round "5"]
[White "Joualt, Louis"]
[Black "Campbell, Ian"]
[Result "1/2-1/2"]
[WhiteElo "1917"]
[BlackElo "2004"]
[PlyCount "37"]
[EventDate "2013.10.20"]
[EventType "swiss"]
[EventRounds "7"]

1. e4 g6 2. d4 Bg7 3. Nc3 d6 4. f4 e6 5. Nf3 Ne7 6. Bb5+ Nd7 7. O-O O-O 8. Be3
Nf6 9. Qe1 b6 10. Rd1 Bb7 11. Bd3 Qd7 12. Qh4 Rae8 13. Ng5 h6 14. Nf3 Nh7 15.
g4 f5 16. e5 Rf7 17. Rd2 Rc8 18. Bc4 d5 19. Bd3 1/2-1/2

[Event "Guernsey Open 2013"]
[Site "Guernsey GCI"]
[Date "2013.10.24"]
[Round "5"]
[White "Thurlow, Kevin J"]
[Black "Ippel, Cornelius J"]
[Result "1-0"]
[WhiteElo "2016"]
[BlackElo "1916"]
[PlyCount "47"]
[EventDate "2013.10.20"]
[EventType "swiss"]
[EventRounds "7"]

1. c4 e5 2. Nc3 Nf6 3. Nf3 Nc6 4. e3 d6 5. d4 Bg4 6. d5 Ne7 7. Be2 Ng6 8. Qc2
Be7 9. h3 Bd7 10. e4 c6 11. Be3 Qc8 12. Rc1 c5 13. a3 O-O 14. g4 Nxg4 15. hxg4
Bxg4 16. Nh2 f5 17. Nxg4 fxg4 18. Qd1 Nh4 19. Bxg4 Ng2+ 20. Kd2 Nxe3 21. fxe3
Qd8 22. Be6+ Kh8 23. Rxh7+ Kxh7 24. Qh5# 1-0